Statistics for Famous Tennesseans Quiz

Click here to take the quiz!

General Stats

  • This quiz has been taken 5,302 times
    (3,100 since last reset)
  • The average score is 11 of 18

Answer Stats

Hint Hometown Tenneseean % Correct
King of Rock & RollMemphisElvis Presley
100%
Hannah MontanaNashvilleMiley Cyrus
94%
"Folsom Prison Blues"NashvilleJohnny Cash
80%
She's legally blondeNashvilleReese Witherspoon
76%
Janet Jackson's
Super Bowl accomplice
Shelby ForestJustin Timberlake
73%
"Tik Tok" singer with a
$ in her name
NashvilleKe$ha
72%
Clinton's VeepNashvilleAl Gore
71%
"What's Love Got to
Do with It"
BrownsvilleTina Turner
71%
King of the wild frontiervariousDavy Crockett
68%
"Jackass" starKnoxvilleJohnny Knoxville
65%
President and duelistvariousAndrew Jackson
61%
Famously well-endowed
country singer
Locust RidgeDolly Parton
59%
"Misery" actressMemphisKathy Bates
58%
Impeached PresidentGreenevilleAndrew Johnson
57%
"Monkey Trial" defendantRhea Co.John Scopes
43%
NFL player depicted in
"The Blind Side"
MemphisMichael Oher
36%
Greatest women's
basketball coach ever
ClarksvillePat Summitt
30%
"Dark Horse" PresidentNashvilleJames K. Polk
23%

Score Distribution

Percentile by Number Answered

Percent of People with Each Score

Your Score History

You have not taken this quiz since the last reset